| 000 | 00727nam a22002051c 4500 | ||
|---|---|---|---|
| 001 | a987680691 | ||
| 008 | 170629s1996 gw |||| 000u rus d | ||
| 020 |
_a5874440380 _95-87444-038-0 |
||
| 041 | _arus | ||
| 100 | 1 | _aRokitanskij, Jakov | |
| 245 | 0 | 0 |
_aKrasnyj dissident : _bAkademik Rjazanov - opponent Lenina, žertva Stalina ; Biografičeskij očerk ; Dokumenty |
| 246 | 1 | 0 | _aRoter Dissident : Akademiemitglied Rjasanow: Lenins Opponent - Stalins Opfer ; Biographische Skizze Dokumente |
| 264 |
_aMoskva : _bAcademia, _c1996 |
||
| 300 | _a464 S. Br. | ||
| 700 | 1 |
_aMüller, Reinhard _eVerfasserIn |
|
| 942 | _cMG | ||
| 040 | _cRU-10907106 | ||
| 003 | RU-10907106 | ||
| 999 |
_c34994 _d34994 |
||
| 490 | 0 | _aVremena i nravy: Memuary, pis'ma, dnevniki | |